<?xml version="1.0" encoding="UTF-8"?><?xml-stylesheet type="text/xsl" href="static/style.xsl"?><OAI-PMH xmlns="http://www.openarchives.org/OAI/2.0/" xmlns:xsi="http://www.w3.org/2001/XMLSchema-instance" xsi:schemaLocation="http://www.openarchives.org/OAI/2.0/ http://www.openarchives.org/OAI/2.0/OAI-PMH.xsd"><responseDate>2026-06-06T02:05:59Z</responseDate><request verb="GetRecord" identifier="oai:riuma.uma.es:10630/3846" metadataPrefix="marc">https://riuma.uma.es/rest/oai/request</request><GetRecord><record><header><identifier>oai:riuma.uma.es:10630/3846</identifier><datestamp>2026-02-03T12:49:24Z</datestamp><setSpec>com_10630_27</setSpec><setSpec>com_10630_3139</setSpec><setSpec>com_10630_10</setSpec><setSpec>col_10630_566</setSpec></header><metadata><record xmlns="http://www.loc.gov/MARC21/slim" xmlns:dcterms="http://purl.org/dc/terms/" xmlns:doc="http://www.lyncode.com/xoai" xmlns:xsi="http://www.w3.org/2001/XMLSchema-instance" xsi:schemaLocation="http://www.loc.gov/MARC21/slim http://www.loc.gov/standards/marcxml/schema/MARC21slim.xsd">
   <leader>00925njm 22002777a 4500</leader>
   <datafield ind2=" " ind1=" " tag="042">
      <subfield code="a">dc</subfield>
   </datafield>
   <datafield ind2=" " ind1=" " tag="720">
      <subfield code="a">Soto Moreno, Juan</subfield>
      <subfield code="e">author</subfield>
   </datafield>
   <datafield ind2=" " ind1=" " tag="720">
      <subfield code="a">Conde Poyales, Francisco</subfield>
      <subfield code="e">author</subfield>
   </datafield>
   <datafield ind2=" " ind1=" " tag="260">
      <subfield code="c">1994</subfield>
   </datafield>
   <datafield ind2=" " ind1=" " tag="520">
      <subfield code="a">Aproximación a la vegetación algal dominada por Laurencia papillosa (C. Agardh) Greville, en la zona mediolitoral del Sureste de España. Se estudia la comunidad de la zona mediolitoral inferior constituida por Laurencia papillosa (C. Agardh) Greville en base a 21 inventarios realizados durante un ciclo anual en las costas de Murcia y Almería. Se constata una alta riqueza florística con una estratificación algal en cinco niveles así como la existencia de una dominancia neta de las algas mediolitorales e infralitorales fotófilas sobre otros grupos ecológicos, un elevado grado de equitabilidad específica y una estacionalidad netamente marcada. Finalmente se postulan argumentos que individualizan esta comunidad de otras de la zona mediolitoral inferior del Mediterráneo Occidental.</subfield>
   </datafield>
   <datafield ind1="8" ind2=" " tag="024">
      <subfield code="a">Acta Botánica Malacitana, Nº 19&#xd;
, 1994, Págs. 29&#xd;
-44</subfield>
   </datafield>
   <datafield ind1="8" ind2=" " tag="024">
      <subfield code="a">02109506</subfield>
   </datafield>
   <datafield ind1="8" ind2=" " tag="024">
      <subfield code="a">http://hdl.handle.net/10630/3846</subfield>
   </datafield>
   <datafield ind2="0" ind1="0" tag="245">
      <subfield code="a">Aproximación a la vegetación algal dominada por "Laurencia papillosa" (C. Agardh) Greville, en la zona mediolitoral del sureste de España</subfield>
   </datafield>
</record>
</metadata></record></GetRecord></OAI-PMH>